000 00388nam a2200145Ia 4500
008 100122s9999 xx 000 0 und d
082 _b46351
_a823
100 _aARORA BOOK COMPANY
245 _aPRINCE AHMAD AND PRINCESS
260 _bARORA BOOK PUBLISHING HOUSE
_c1991
300 _a26
630 _aPRINCE AHMAD AND PRINCESS
730 _aPRINCE AHMAD AND PRINCESS
942 _cBOOK
999 _c373985
_d373982